|
|
|
|
| LEADER |
00000cam a2200000 7i4500 |
| 001 |
0000000809 |
| 005 |
20001011.0 |
| 020 |
0 |
0 |
|a 9679600378
|
| 090 |
0 |
0 |
|a 634.909595
|b NAT [1992]
|
| 110 |
1 |
0 |
|a NATIONAL Seminar on Indigenous Species for Forest Plantations
|k 1992
|j Serdang, Selangor
|
| 245 |
1 |
0 |
|a Indigenous species for forest plantations :
|b Proceedings of a national seminar held on 23-24 April 1992 at Faculty of Forestry, Universiti Pertanian Malaysia
|c editors, Ahmad Said Sajap ... [et al.]
|
| 260 |
0 |
0 |
|a Serdang, Selangor :
|b Faculty of Forestry, UPM ,
|c [1992]
|
| 300 |
|
|
|a 115 p. ;
|c 24 cm.
|
| 500 |
0 |
0 |
|a Includes bibliographical references
|
| 650 |
0 |
0 |
|a Forests and forestry
|z Malaysia
|x Congresses
|
| 650 |
0 |
0 |
|a Tree farms
|z Malaysia
|x Congresses
|
| 700 |
0 |
2 |
|a Ahmad Said Sajap
|
| 999 |
|
|
|a 0000000487
|b Monograph
|c Open Shelf
|e Default branch
|